00419nam a2200121 a 4500008004100000050001400041100002000055245007500075246006800150260005000218300002000268350000900288120416s1965 ||||||||||||||||| || u aHN 58 Dor aDorfman, Robert10aMeasuring benefits of government investmentscedited by Robert Dorfman apapers presented at a conference of experts held Nov. 7-9, 1963 aWashington, D.C.bBrookings Institutionc1965 axv, 429p. : ill a0.00